Aislamiento térmico
সংরক্ষণ করুন:
| প্রধান লেখক: | |
|---|---|
| বিন্যাস: | গ্রন্থ |
| ভাষা: | স্প্যানিশ |
| প্রকাশিত: |
Barcelona
Ceac
1998
|
| মালা: | Monografías de Climatización y Ahorro Energético
|
| বিষয়গুলি: | |
| ট্যাগগুলো: |
ট্যাগ যুক্ত করুন
কোনো ট্যাগ নেই, প্রথমজন হিসাবে ট্যাগ করুন!
|
MARC
| LEADER | 00000nam a2200000 a 4500 | ||
|---|---|---|---|
| 001 | UCL2154 | ||
| 003 | CL-VaPUC | ||
| 008 | 031010e19980000SP |||||||||||||||||spa|d | ||
| 020 | |a 8432965588 | ||
| 082 | 0 | 4 | |a 693.832 |b JUT |2 21 |
| 100 | |a Jutglar i Banyeras, Lluís |e author |9 479171 | ||
| 245 | 1 | 0 | |a Aislamiento térmico |
| 300 | |a 183 p | ||
| 942 | |c BK | ||
| 945 | |d 20031010 00:00:00 |a cmena | ||
| 260 | |a Barcelona |b Ceac |c 1998 | ||
| 500 | |a Incluye diskette, programa Ceacat para DOS | ||
| 650 | 0 | |a Transferencia de calor |9 336631 | |
| 650 | 0 | |a Vapor de agua |9 375377 | |
| 650 | 0 | |a Construcción |9 260195 | |
| 583 | |a last modification |c 20160912 02:05:00 |k Rodrigo Vera | ||
| 490 | 0 | |a Monografías de Climatización y Ahorro Energético | |
| 999 | |c 305513 |d 305511 | ||
| 952 | |0 0 |1 0 |4 0 |6 693_832000000000000_JUT_1998 |7 0 |8 A |9 369457 |a BIBMEC |b BIBMEC |d 2019-11-21 |i 3949745 |o 693.832 JUT 1998 |p 3949745 |r 2024-01-19 |w 2019-11-21 |y BK |k MEC | ||